| 000 | 00636nam a2200205Ia 4500 | ||
|---|---|---|---|
| 003 | GCL | ||
| 008 | 140319s9999 xx 000 0 ara d | ||
| 040 |
_aGCL / _cGCL |
||
| 082 | 0 | 4 |
_a811.9 _bس د |
| 100 | 1 | _aسعدى يوسف | |
| 245 | 1 | 0 |
_aديوان سعدى يوسف الاعمال الشعرية 1977-1952 / _cسعدى يوسف |
| 260 |
_a[S.N] : _bدار العودة للصحافة والطباعه ، _c1988 |
||
| 300 | _a607 ص | ||
| 490 | _a | ||
| 650 | 0 | 4 | _aالشعر العربى |
| 650 | 0 | 4 | _aالادب العربى |
| 650 | 0 | 4 | _aالعصر الحديث |
| 650 | 0 | 4 | _aدواوين وقصائد |
| 942 |
_2ddc _cBK |
||
| 999 |
_c34030 _d34030 |
||